ბათუმის შოთა რუსთაველის სახელმწიფო უნივერსიტეტის ბიბლიოთეკა

ფრანკოფონური ლიტერატურები და პოსტკოლონიური თეორია / (ბიბ.ჩანაწერი № 39649)

000 -ლიდერი
ფიქსირებული სიგრძის საკონტროლო ველი 01278nam a2200253Ia 4500
001 - საკონტროლო ნომერი
საკონტროლო ველი 6249
003 - საკონტროლო ნომრის იდენტიფიკატორი
საკონტროლო ველი GE_BSU
005 - ბოლო ოპერაციის თარიღი და დრო
საკონტროლო ველი 20200214150322.0
008 - ფიქსირებული სიგრძის მონაცემთა ელემენტები - ზოგადი ინფორმაცია
ფიქსირებული სიგრძის საკონტროლო ველი 181216s2012||||ge |||||||||||||| ||geo||
020 ## - წიგნის საერთაშორისო სტანდარტული ნომერი
International Standard Book Number 97899414830.
040 ## - კატალოგიზაციის წყარო
Transcribing agency GE_BSU
041 ## - ენის კოდი
Language code of text/sound track or separate title geo
080 ## - უნივერსალური ათობითი კლასიფიკაციის ინდექსი
Universal Decimal Classification number 821.133.1.0 მ-96
100 ## - მთავარი ჩანაწერი - პიროვნების სახელი
Personal name მურა, ჟან-მარკ.
9 (RLIN) 7085
245 ## - ცნობა სათაურის შესახებ
Title ფრანკოფონური ლიტერატურები და პოსტკოლონიური თეორია /
Statement of responsibility, etc ჟან-მარკ მურა ; რედ. ირმა რატიანი, გაგა ლოიძე ; ფრანგ. თარგმნა რუსუდან თურნავამ.
250 ## - გამოცემის ცნობა
Edition statement პირველი გამოცემა
264 ## - წარმოების, გამოცემის, დისტრიბუციის და სხვა ცნობები
გამოცემის, წარმოების, დისტრიბუციის... ადგილი თბილისი :
გამოცემის, წარმოების, დისტრიბუციის... სახელწოდება მწიგნობარი,
გამოცემის, წარმოების, დისტრიბუციის... თარიღი 2012.
300 ## - ფიზიკური აღწერა
Extent 205 გვ.;
Dimensions 20 სმ.
653 ## - INDEX TERM--UNCONTROLLED
Uncontrolled term ფრანგული ლიტერატურა
700 ## - ADDED ENTRY--PERSONAL NAME
Personal name რატიანი, ირმა
Relator term რედაქტორი
9 (RLIN) 5778
700 ## - ADDED ENTRY--PERSONAL NAME
Personal name თურნავა, რუსუდან
Relator term ფრანგულიდან თარგმნა
9 (RLIN) 7086
700 ## - ADDED ENTRY--PERSONAL NAME
Personal name ლოიძე, გაგა
Relator term რედაქტორი
9 (RLIN) 7087
942 ## - ADDED ENTRY ELEMENTS (KOHA)
Koha item type წიგნი
Source of classification or shelving scheme
ეგზემპლარები
ჩამოწერის სტატუსი დაკარგული ეგზემპლარის სტატუსი კლასიფიკაციის წყარო ან თაროზე გაწყობის სქემა დაზიანების სტატუსი არ გაიცემა მუდმივი მდებარეობა (დაცვის ადგილი) ამჟამინდელი ადგილსამყოფელი თაროზე განთავსების ადგილი შეძენის თარიღი სრული შენახვის შიფრი შტრიხკოდი ბოლო ოპერაციის თარიღი ეგზემპლარის მიმდევრობითი ნომერი (კეტერი?) ფასის ძალაში შესვლის თარიღი ეგზემპლარის სახეობა
          ბათუმის შოთა რუსთაველის სახელმწიფო უნივერსიტეტის მთავარი ბიბლიოთეკა ბათუმის შოთა რუსთაველის სახელმწიფო უნივერსიტეტის მთავარი ბიბლიოთეკა წიგნსაცავი 2018-12-17 821.133.1.0 მ-96 14985 2018-12-17 14985 2018-12-17 წიგნი